[Event "RUS-ch Higher League (Women) 71st"]
[Site "Cheboksary"]
[Date "2021.07.02"]
[Round "6"]
[White "Izbekova, Evdokia"]
[Black "Dimitrova, Aleksandra"]
[Result "0-1"]
[WhiteElo "1757"]
[BlackElo "2204"]
[PlyCount "132"]
[EventDate "2021.06.26"]
[EventType "swiss"]
[EventRounds "9"]
[EventCountry "RUS"]
[SourceTitle "CBM 203 Extra"]
[Source "ChessBase"]
[SourceDate "2021.09.30"]
[SourceVersion "1"]
[SourceVersionDate "2021.09.30"]
[SourceQuality "1"]

1. e4 c5 2. Nf3 Nc6 3. d4 cxd4 4. Nxd4 e6 5. g3 a6 6. Bg2 Qc7 7. Nc3 Nf6 8. Be3 Bb4 9. 0-0 Bxc3 10. bxc3 Ne5 11. Qe1 d6 12. Bg5 Nfd7 13. f4 Nc4 14. g4 Qc5 15. Kh1 h6 16. Qh4 Nf8 17. f5 e5 18. Bd8 f6 19. Bxf6 gxf6 20. Qxf6 Rh7 21. Ne6 Bxe6 22. fxe6 d5 23. exd5 Qe7 24. Be4 Rg7 25. Qf2 0-0-0 26. Rab1 Kb8 27. Rb4 Nd6 28. Bd3 a5 29. Rb6 Rxg4 30. Rfb1 Nxe6 31. dxe6 Qxe6 32. c4 Rf4 33. Qe3 Rc8 34. Ra6 Rd4 35. Rab6 Rg8 36. h3 Rh4 37. Kh2 e4 38. R1b5 Qg6 39. Qf2 exd3 40. cxd3 Rg7 41. Ra6 Qg2+ 42. Qxg2 Rxg2+ 43. Kxg2 Nxb5 44. Rxa5 Nc7 45. Rf5 Kc8 46. Rf6 Rd4 47. Rxh6 Rxd3 48. Rf6 Rd4 49. Kg3 Rxc4 50. h4 Nd5 51. Rf2 Kd7 52. h5 Ke6 53. Rb2 b6 54. h6 Kf7 55. Rd2 Nf6 56. Kf3 Rc3+ 57. Kf4 Rh3 58. Ke5 Rxh6 59. Rc2 Ke7 60. Rc7+ Nd7+ 61. Kd5 Rh5+ 62. Kc6 Rc5+ 63. Kb7 Kd6 64. Rxc5 bxc5 65. a4 c4 66. a5 c3 0-1

[Event "RUS-ch Higher League (Women) 71st"]
[Site "Cheboksary"]
[Date "2021.06.30"]
[Round "5"]
[White "Getman, Tatyana"]
[Black "Izbekova, Evdokia"]
[Result "1-0"]
[WhiteElo "2201"]
[BlackElo "1757"]
[PlyCount "87"]
[EventDate "2021.06.26"]
[EventType "swiss"]
[EventRounds "9"]
[EventCountry "RUS"]
[SourceTitle "CBM 203 Extra"]
[Source "ChessBase"]
[SourceDate "2021.09.30"]
[SourceVersion "1"]
[SourceVersionDate "2021.09.30"]
[SourceQuality "1"]

1. d4 Nf6 2. c4 e6 3. Nc3 Bb4 4. e3 b6 5. Nge2 Bb7 6. a3 Bxc3+ 7. Nxc3 0-0 8. Bd3 d6 9. Rg1 e5 10. d5 Nbd7 11. g4 Nc5 12. Bc2 a5 13. g5 Ne8 14. e4 Bc8 15. Be3 f5 16. exf5 Bxf5 17. Bxf5 Rxf5 18. Qc2 Qd7 19. 0-0-0 Rf3 20. h4 Qf5 21. Qxf5 Rxf5 22. h5 Rc8 23. Kc2 c6 24. b4 Na6 25. dxc6 axb4 26. Nd5 b3+ 27. Kxb3 Kf8 28. Nb4 Nc5+ 29. Kc2 Ke7 30. a4 Ke6 31. Ra1 Nc7 32. a5 bxa5 33. Rxa5 Ra8 34. Rxa8 Nxa8 35. Nd5 Rf8 36. Ra1 Kf5 37. c7 Ne6 38. Rxa8 Rxa8 39. c8Q Rxc8 40. Ne7+ Kg4 41. Nxc8 Kxh5 42. Nxd6 Kg6 43. Kd3 Nd8 44. Ke4 1-0

[Event "RUS-ch Higher League (Women) 71st"]
[Site "Cheboksary"]
[Date "2021.06.29"]
[Round "4"]
[White "Izbekova, Evdokia"]
[Black "Filippova, Margarita"]
[Result "1-0"]
[WhiteElo "1757"]
[BlackElo "2075"]
[PlyCount "111"]
[EventDate "2021.06.26"]
[EventType "swiss"]
[EventRounds "9"]
[EventCountry "RUS"]
[SourceTitle "CBM 203 Extra"]
[Source "ChessBase"]
[SourceDate "2021.09.30"]
[SourceVersion "1"]
[SourceVersionDate "2021.09.30"]
[SourceQuality "1"]

1. e4 g6 2. d4 Bg7 3. Bc4 e6 4. Nf3 d6 5. Nc3 Ne7 6. 0-0 a6 7. a4 Nd7 8. Bf4 0-0 9. Qd2 e5 10. dxe5 Nxe5 11. Nxe5 Bxe5 12. Bh6 Bg7 13. Rad1 Nc6 14. Bxg7 Kxg7 15. f4 f6 16. h3 Rb8 17. Ne2 Qe7 18. Bd5 Be6 19. Rde1 Rbe8 20. b4 Bd7 21. b5 axb5 22. axb5 Nd8 23. Nd4 c6 24. bxc6 bxc6 25. Bb3 Nb7 26. Nf3 Nc5 27. e5 fxe5 28. fxe5 d5 29. Qc3 Ne6 30. Nd4 Rxf1+ 31. Kxf1 c5 32. Nxe6+ Bxe6 33. Kg1 c4 34. Ba2 Ra8 35. Bb1 Qc5+ 36. Kh2 Rf8 37. Qg3 Qf2 38. c3 Qxg3+ 39. Kxg3 Ra8 40. Kf4 Ra1 41. g4 d4 42. cxd4 c3 43. Rd1 Ba2 44. Bc2 Rxd1 45. Bxd1 Bb1 46. d5 c2 47. Bxc2 Bxc2 48. e6 Kf6 49. g5+ Ke7 50. Ke5 Ba4 51. d6+ Ke8 52. Kf6 Bb3 53. h4 Bc4 54. e7 Bd3 55. d7+ Kxd7 56. Kf7 1-0

[Event "RUS-ch Higher League (Women) 71st"]
[Site "Cheboksary"]
[Date "2021.06.27"]
[Round "2"]
[White "Kovanova, Baira"]
[Black "Izbekova, Evdokia"]
[Result "1-0"]
[WhiteElo "2318"]
[BlackElo "1757"]
[PlyCount "59"]
[EventDate "2021.06.26"]
[EventType "swiss"]
[EventRounds "9"]
[EventCountry "RUS"]
[SourceTitle "CBM 203 Extra"]
[Source "ChessBase"]
[SourceDate "2021.09.30"]
[SourceVersion "1"]
[SourceVersionDate "2021.09.30"]
[SourceQuality "1"]

1. Nf3 Nf6 2. c4 e6 3. g3 d5 4. Bg2 dxc4 5. Qc2 Nbd7 6. Qxc4 Rb8 7. Nc3 a6 8. a4 Nb6 9. Qb3 Nbd5 10. Ne5 Bc5 11. 0-0 Qd6 12. Nc4 Qe7 13. e3 0-0 14. d4 Bb4 15. e4 Nb6 16. Nxb6 cxb6 17. e5 Ne8 18. Na2 Ba5 19. Qd3 b5 20. axb5 axb5 21. Qxb5 Qd8 22. Nc3 Bb6 23. Rd1 Bd7 24. Qb3 Bc6 25. d5 exd5 26. Nxd5 Bxd5 27. Rxd5 Qc7 28. Bf4 g5 29. Bxg5 Ng7 30. Rc1 1-0

[Event "RUS-ch Higher League (Women) 71st"]
[Site "Cheboksary"]
[Date "2021.06.26"]
[Round "1"]
[White "Izbekova, Evdokia"]
[Black "Miroshnik, Ekaterina"]
[Result "1/2-1/2"]
[WhiteElo "1757"]
[BlackElo "2234"]
[PlyCount "126"]
[EventDate "2021.06.26"]
[EventType "swiss"]
[EventRounds "9"]
[EventCountry "RUS"]
[SourceTitle "CBM 203 Extra"]
[Source "ChessBase"]
[SourceDate "2021.09.30"]
[SourceVersion "1"]
[SourceVersionDate "2021.09.30"]
[SourceQuality "1"]

1. e4 e5 2. Nf3 Nc6 3. d4 exd4 4. Nxd4 Nf6 5. Nxc6 bxc6 6. e5 Qe7 7. Qe2 Nd5 8. c4 Ba6 9. b3 g6 10. Bb2 Bg7 11. g3 Nb6 12. Bg2 0-0 13. 0-0 Rfe8 14. Re1 d5 15. Nd2 Rad8 16. Qe3 Bc8 17. Rac1 Bf5 18. f4 dxc4 19. Nxc4 Rd3 20. Qf2 Nxc4 21. Rxc4 Red8 22. Bd4 Be6 23. Ra4 Qd7 24. Bxa7 Rd2 25. Qc5 Rd1 26. Rae4 Qd2 27. Qf2 Qa5 28. b4 Rxe1+ 29. Rxe1 Qxb4 30. Bxc6 Rd2 31. Re2 Rd1+ 32. Kg2 Qc4 33. Rc2 Qd3 34. Be3 Bd5+ 35. Bxd5 Qxd5+ 36. Qf3 Qd8 37. a4 Bf8 38. Qe4 Qb8 39. e6 Qb3 40. exf7+ Qxf7 41. Qc4 Qxc4 42. Rxc4 Bd6 43. Bc5 Bxc5 44. Rxc5 Ra1 45. a5 Ra3 46. Kh3 Ra2 47. g4 c6 48. Kg3 Ra3+ 49. Kh4 Kg7 50. f5 gxf5 51. gxf5 Kf6 52. Rxc6+ Kxf5 53. a6 Kf4 54. Rb6 Ra5 55. Rf6+ Ke5 56. Rh6 Kf4 57. Rxh7 Rxa6 58. Rf7+ Ke5 59. Kg5 Ra2 60. h4 Rg2+ 61. Kh6 Ke6 62. Rf3 Rg1 63. h5 Rg5 1/2-1/2

[Event "Orsha op"]
[Site "Orsha"]
[Date "2021.04.07"]
[Round "3"]
[White "Izbekova, Evdokia"]
[Black "Aleksandrov, Aleksej"]
[Result "0-1"]
[WhiteElo "1743"]
[BlackElo "2563"]
[PlyCount "70"]
[EventDate "2021.04.06"]
[EventType "swiss"]
[EventRounds "9"]
[EventCountry "BLR"]
[SourceTitle "CBM 202 Extra"]
[Source "ChessBase"]
[SourceDate "2021.07.31"]
[SourceVersion "1"]
[SourceVersionDate "2021.07.31"]
[SourceQuality "1"]

1. e4 e5 2. Nf3 Nc6 3. d4 exd4 4. Nxd4 Qf6 5. Nxc6 Bc5 6. Qe2 bxc6 7. e5 Qe6 8. Nd2 Ne7 9. Nf3 a5 10. Qc4 d6 11. Qxe6 Bxe6 12. Bd3 h6 13. 0-0 a4 14. Re1 0-0 15. Be3 Bxe3 16. Rxe3 c5 17. c4 Rfb8 18. Rb1 Ra6 19. Nd2 Nf5 20. Ree1 Nd4 21. exd6 cxd6 22. Ne4 Rab6 23. Nc3 Rxb2 24. Rxb2 Rxb2 25. Nxa4 Rxa2 26. Rb1 g5 27. Nb6 Nc6 28. Be4 Nb4 29. Rc1 Ra6 30. Nd5 Bxd5 31. cxd5 Ra2 32. Kf1 Kg7 33. Ke1 Kf6 34. Rd1 Ke5 35. Bf3 c4 0-1

[Event "RUS-chT U14 Girls"]
[Site "Sochi"]
[Date "2017.05.02"]
[Round "2.4"]
[White "Izbekova, Evdokia"]
[Black "Asatryan, Maria"]
[Result "1-0"]
[WhiteElo "1513"]
[BlackElo "1349"]
[PlyCount "55"]
[EventDate "2017.05.01"]
[EventType "team-tourn"]
[EventRounds "7"]
[EventCountry "RUS"]
[SourceTitle "CBM 178 Extra"]
[Source "ChessBase"]
[SourceDate "2017.06.22"]
[SourceVersion "1"]
[SourceVersionDate "2017.06.22"]
[SourceQuality "1"]

1. e4 c5 2. Nf3 d6 3. d4 cxd4 4. Nxd4 Nf6 5. Nc3 g6 6. Be3 Bg7 7. f3 Nc6 8. Qd2 0-0 9. g4 Bd7 10. 0-0-0 a5 11. h4 Ne5 12. Be2 Rc8 13. h5 a4 14. a3 Nc4 15. Bxc4 Rxc4 16. hxg6 fxg6 17. e5 Nxg4 18. fxg4 Bxg4 19. Rdg1 dxe5 20. Rxg4 exd4 21. Qd3 Rc6 22. Bxd4 Rd6 23. Qc4+ Rf7 24. Bxg7 Kxg7 25. Rxh7+ Kxh7 26. Qxf7+ Kh6 27. Rh4+ Kg5 28. Qf4# 1-0